000 00805cab a2200277 4500
001 ABS55033
008 090401t1996 xxu||||| |||| 00| 0 eng d
035 _a(Sirsi) u13709
041 _aeng
100 _aCarpenter, A.
245 _aRole model
260 _c1996
350 _a0
490 _aProperty Week
_v55(1) 4 April 1996, 32-33(2)
520 _aLooks at the market for FM in Higher Education, focusing on the case of the College of St Mark and St John.
650 _aCHARTER SERVICES
650 _aEDUCATION SECTOR
650 _aFACILITIES MANAGEMENT
_96240
650 _aHIGHER EDUCATION
650 _aOUTSOURCING
650 _aSPACE MANAGEMENT
690 _aCOMMERCIAL PROPERTY-MANAGEMENT
690 _aOFFICE SERVICES AND ADMINISTRATION
942 _n0
948 _c04/03/1997
999 _c8827
_d8827